000 01017nac a22003137a 4500
001 BR8403936
003 BR-BrBNA
005 20240105120111.0
008 230509b bl.|||m| |||| 00| 0 por d
040 _aBR-BrBNA
_bpor
_cBiblioteca Nacional de Agricultura
072 _aH20; F27
090 _a0150 BR8403936
100 1 _aRibeiro, A.S.
110 1 _aUnidade de Execucao de Pesquisa de Ambito Estadual de Pelotas, RS (Brasil)
_910370
245 1 _aDoencas do arroz irrigado
_bRevisada e ampliada
250 1 _a2. ed.
260 3 _aPelotas, RS (Brasil):
_c1984.
300 _a56 p.
490 _aCircular Tecnica - Unidade de Execucao de Pesquisa de Ambito Estadual de Pelotas (Brazil)
_vno. 19
_xISSN 0100-7165
500 _a6 tables; 6 illus.; 28 ref.
650 _aARROZ IRRIGADO
650 _aDOENCA DE PLANTA
650 _aBRUSONE
650 _aCERCOSPORIOSE
650 _aESCALDADURA
650 _aPODRIDAO DO PE
909 _a202312
_bLúcia Elande
_c55
_dLúcia Elande
942 _2AGRIS
_n0
_cMS
999 _c277950
_d277950